Counseling through your Bible handbook / (Record no. 19688)

MARC details
000 -LEADER
fixed length control field 01006cam a2200277 a 4500
001 - CONTROL NUMBER
control field 15055209
003 - CONTROL NUMBER IDENTIFIER
control field OSt
005 - DATE AND TIME OF LATEST TRANSACTION
control field 20221024160359.0
008 - FIXED-LENGTH DATA ELEMENTS--GENERAL INFORMATION
fixed length control field 071023s2008 oru bf 000 0 eng
010 ## - LIBRARY OF CONGRESS CONTROL NUMBER
LC control number 2007044121
020 ## - INTERNATIONAL STANDARD BOOK NUMBER
International Standard Book Number 0736921817
040 ## - CATALOGING SOURCE
Original cataloging agency DLC
Transcribing agency DLC
Modifying agency DLC
050 00 - LIBRARY OF CONGRESS CALL NUMBER
Classification number BV4012.2
Item number .H86 2008
082 00 - DEWEY DECIMAL CLASSIFICATION NUMBER
Classification number 253.5
Edition number 22
100 1# - MAIN ENTRY--PERSONAL NAME
Personal name Hunt, June.
245 10 - TITLE STATEMENT
Title Counseling through your Bible handbook /
Statement of responsibility, etc. June Hunt.
260 ## - PUBLICATION, DISTRIBUTION, ETC. (IMPRINT)
Place of publication, distribution, etc. Eugene, Or. :
Name of publisher, distributor, etc. Harvest House Publishers,
Date of publication, distribution, etc. 2008
300 ## - PHYSICAL DESCRIPTION
Extent 443 p. ;
504 ## - BIBLIOGRAPHY, ETC. NOTE
Bibliography, etc Includes bibliographical references (p. 433-442).
630 00 - SUBJECT ADDED ENTRY--UNIFORM TITLE
Uniform title Bible
General subdivision Psychology
Form subdivision Handbooks, manuals, etc.
650 #0 - SUBJECT ADDED ENTRY--TOPICAL TERM
Topical term or geographic name as entry element Pastoral counseling
Form subdivision Handbooks, manuals, etc.
856 41 - ELECTRONIC LOCATION AND ACCESS
Materials specified Table of contents
Uniform Resource Identifier <a href="http://www.loc.gov/catdir/toc/fy0804/2007044121.html">http://www.loc.gov/catdir/toc/fy0804/2007044121.html</a>
906 ## - LOCAL DATA ELEMENT F, LDF (RLIN)
a 7
b cbc
c orignew
d 1
e ecip
f 20
g y-gencatlg
942 ## - ADDED ENTRY ELEMENTS (KOHA)
Source of classification or shelving scheme Library of Congress Classification
Koha item type General Collection
Holdings
Withdrawn status Lost status Source of classification or shelving scheme Not for loan Home library Current library Date acquired Cost, normal purchase price Total Checkouts Full call number Barcode Date last seen Price effective from Koha item type
    Library of Congress Classification   Kabarak, Main Campus Kabarak, Main Campus 24/10/2022 4920.00   BV4012.2 .H86 2008 c.1 032706 24/10/2022 24/10/2022 General Collection
Designed with assistance from East African Informatics Ltd